|
|
|
|
| LEADER |
02330nam a2200337 a 4500 |
| 001 |
0014114 |
| 003 |
BD-DhAAL |
| 008 |
010425s2003 nyua 000 0 eng d |
| 010 |
|
|
|a 2001032196
|
| 020 |
|
|
|a 0194369307
|
| 020 |
|
|
|a 9780194369305
|
| 040 |
|
|
|a DLC
|c DLC
|d DLC
|d BD-DhAAL
|
| 082 |
0 |
0 |
|a 428.24
|2 22
|
| 100 |
1 |
|
|a Soars, John,
|d 1951-
|9 45468
|
| 245 |
1 |
0 |
|a New headway:
|b advanced Student's book /
|c John and Liz Soars.
|
| 260 |
|
|
|a New York :
|b Oxford University Press,
|c 2003.
|
| 300 |
|
|
|a 160 pages :
|b illustrations ;
|c 27 cm
|
| 526 |
|
|
|a EL-Pro
|x Sheikh Shams
Faculty member of BRAC University ;
|x Shadia Alam
Senior Manager, Human Resources Department
|
| 541 |
1 |
|
|a Friends' Book Corner
|e 14114, 15983, 16923
|
| 650 |
|
0 |
|a English language
|v Textbooks for foreign speakers.
|9 45469
|
| 650 |
|
0 |
|a English language
|z United States
|v Problems, exercises, etc.
|9 45470
|
| 650 |
|
0 |
|a Americanisms
|v Problems, exercises, etc.
|9 45471
|
| 700 |
1 |
|
|a Soars, Liz,
|d 1945-
|9 45472
|
| 852 |
4 |
|
|a Ayesha Abed Library
|c General Stacks
|
| 942 |
|
|
|2 ddc
|c BK
|
| 999 |
|
|
|c 3469
|d 3469
|
| 952 |
|
|
|0 0
|1 4
|2 ddc
|4 0
|6 428_340000000000000_SOA
|7 0
|9 3318
|a BRACUL
|b BRACUL
|d 2009-09-03
|e Friends' Book Corner
|g 760.00
|l 0
|o 428.34 SOA
|p 3010016925
|r 2009-09-03
|t 5
|v 1520.00
|w 2009-09-03
|y BK
|x Koha Inventory 2020 ; Requisitioned by Shadia Alam, Senior manager, HRD
|
| 952 |
|
|
|0 0
|1 0
|2 ddc
|4 0
|6 428_240000000000000_SOA
|7 0
|9 10519
|a BRACUL
|b BRACUL
|c GEN
|d 2010-05-25
|g 950.00
|l 6
|m 10
|o 428.24 SOA
|p 3010014114
|r 2025-01-17
|s 2024-12-22
|t 1
|w 2010-05-25
|y BK
|x Price available in register book
|
| 952 |
|
|
|0 0
|1 0
|2 ddc
|4 0
|6 428_240000000000000_SOA_2003
|7 0
|9 12194
|a BRACUL
|b BRACUL
|c GEN
|d 2010-09-29
|e Friends' Book Corner
|g 950.00
|l 8
|m 18
|o 428.24 SOA
|p 3010015983
|r 2022-10-18
|s 2022-10-11
|t 2
|w 2010-09-29
|y BK
|x Requisitioned by Sheikh Shams, Faculty member of BRAC University
|
| 952 |
|
|
|0 0
|1 0
|2 ddc
|4 0
|6 428_240000000000000_SOA_2003
|7 0
|9 17900
|a BRACUL
|b BRACUL
|c GEN
|d 2011-08-23
|e Friends' Book Corner
|g 760.00
|l 4
|m 2
|o 428.24 SOA
|p 3010016923
|r 2016-04-12
|s 2016-03-31
|t 4
|w 2011-08-23
|y BK
|x Requisitioned by Shadia Alam, Senior manager, HRD
|
| 952 |
|
|
|0 0
|1 0
|2 ddc
|4 0
|6 428_240000000000000_SOA_2003
|7 0
|9 17901
|a BRACUL
|b BRACUL
|c GEN
|d 2011-08-23
|e Friends' Book Corner
|g 950.00
|l 4
|m 16
|o 428.24 SOA
|p 3010015984
|r 2018-04-15
|s 2018-02-11
|t 3
|w 2011-08-23
|y BK
|x Requisitioned by Sheikh Shams, Faculty member of BRAC University
|